000 01106naa a22002897u 4500
001 06025
003 HDC
007 cr bn ---aaaaa
008 210122s2010 flu eng d
040 _aHDC
100 _aVarzakas, Theodoras H.,
_eauthor
_96323
245 0 _aDevelopment and Manufacture of Yogurt and Other Functional Dairy Products :
_bFunctional Bioactive Dairy Ingredients /
_cby Theodoras H. Varzakas and Ioannas S. Arvanitoyannis ; edited by Fatih Yildiz
260 _aBoca Raton, FL :
_bCRC Press/Taylor & Francis,
_c2010
300 _a31 pages
336 _atext
_2rdacontent
337 _acomputer
_2rdamedia
338 _aonline resource
_2rdacarrier
500 _aOriginal from book
650 _aDairy microbiology
_96316
650 _aFermentation
_96317
650 _aYogurt
_xMicrobiology
_96315
700 _aYildiz, Fatih,
_eeditor
_96318
856 _zRequest full-text at [email protected]
942 _2lcc
942 _cCHAP
942 _kEBCH 000059
999 _c3349
_d3349